000 00250nam a22000977a 4500
008 230731b xxu||||| |||| 00| 0 eng d
245 _aBritish Rule in Kenya 1895-1912
260 _aOxford
_bClarendon Press
_c1966
300 _aXII, 329p
942 _2ddc
_cBK
999 _c4009
_d4009